00403 2200157 4500001002100000005001500021035002000036245005200056100001900108300002800127260003100155082000800186084001400194020002200208990001500230INLIS00000000000327220251203110004 a0010-12250000931 aCinta Yang Tak Bisa Dipercaya /cDadan Erlangga0 aDadan Erlangga a264 hlm ;c13,5 x 20 cm aJakarta :bGramedia,c2024 a813 a813 DAD c a978-602-068-096-5 a19747/B/26